Nineteenth-century origins of neuroscientific concepts / (Record no. 820)

000 -LEADER
fixed length control field 01322nam a22003977a 4500
001 - CONTROL NUMBER
control field 1932450
003 - CONTROL NUMBER IDENTIFIER
control field OSt
005 - DATE AND TIME OF LATEST TRANSACTION
control field 20210422063057.0
008 - FIXED-LENGTH DATA ELEMENTS--GENERAL INFORMATION
fixed length control field 860404s1987 cau b 001 0 eng c
010 ## - LIBRARY OF CONGRESS CONTROL NUMBER
LC control number 86007069
020 ## - INTERNATIONAL STANDARD BOOK NUMBER
International Standard Book Number 0520056949 (alk. paper)
040 ## - CATALOGING SOURCE
Original cataloging agency DNLM/DLC
Transcribing agency DLC
Modifying agency eng
Language of cataloging eng
041 ## - LANGUAGE CODE
Language code of text/sound track or separate title eng
050 00 - LIBRARY OF CONGRESS CALL NUMBER
Classification number QP353
Item number .C57 1987
060 ## - NATIONAL LIBRARY OF MEDICINE CALL NUMBER
Classification number WL 11.1 C597n
080 ## - UNIVERSAL DECIMAL CLASSIFICATION NUMBER
Universal Decimal Classification number 616.8
Item number C-59
082 00 - DEWEY DECIMAL CLASSIFICATION NUMBER
Classification number 612/.8/09034
Edition number 19
100 1# - MAIN ENTRY--PERSONAL NAME
Personal name Clarke, Edwin.
245 10 - TITLE STATEMENT
Title Nineteenth-century origins of neuroscientific concepts /
Statement of responsibility, etc. Edwin Clarke and L.S. Jacyna.
Remainder of title / by: University of California Press
260 ## - PUBLICATION, DISTRIBUTION, ETC.
Place of publication, distribution, etc. Berkeley :
Name of publisher, distributor, etc. University of California Press
Date of publication, distribution, etc. c1987.
300 ## - PHYSICAL DESCRIPTION
Extent 593 p. ; ill.
Dimensions 24 cm.
500 ## - GENERAL NOTE
General note Includes index.
504 ## - BIBLIOGRAPHY, ETC. NOTE
Bibliography, etc. note Bibliography: p. [474]-572.
650 #0 - SUBJECT ADDED ENTRY--TOPICAL TERM
Topical term or geographic name entry element Neurophysiology
General subdivision History
Chronological subdivision 19th century.
650 #0 - SUBJECT ADDED ENTRY--TOPICAL TERM
Topical term or geographic name entry element Neurology
9 (RLIN) 100
650 #2 - SUBJECT ADDED ENTRY--TOPICAL TERM
Topical term or geographic name entry element Neuroanatomy
General subdivision history.
650 #2 - SUBJECT ADDED ENTRY--TOPICAL TERM
Topical term or geographic name entry element Neurophysiology
General subdivision history.
650 #2 - SUBJECT ADDED ENTRY--TOPICAL TERM
Topical term or geographic name entry element Neurosciences
General subdivision history.
653 ## - INDEX TERM--UNCONTROLLED
Uncontrolled term ნევროლოგია
653 ## - INDEX TERM--UNCONTROLLED
Uncontrolled term ნეიროფიზიოლოგია
653 ## - INDEX TERM--UNCONTROLLED
Uncontrolled term ნეიროანატომია
653 ## - INDEX TERM--UNCONTROLLED
Uncontrolled term ნეირომეცნიერება
700 1# - ADDED ENTRY--PERSONAL NAME
Personal name Jacyna, L. S.
906 ## - LOCAL DATA ELEMENT F, LDF (RLIN)
a 7
b cbc
c orignew
d 1
e ocip
f 19
g y-gencatlg
942 ## - ADDED ENTRY ELEMENTS (KOHA)
Source of classification or shelving scheme
Koha item type Books
Holdings
Withdrawn status Lost status Source of classification or shelving scheme Damaged status Not for loan Permanent location Current location Date acquired Inventory number Total Checkouts Full call number Barcode Date last seen Price effective from Koha item type
          Ken Walker International University Ken Walker International University 12/28/2020 2330   616.8 C-59 2330 12/28/2020 12/28/2020 Books

Powered by Koha